000
00316nam a22001217a 4500
008
140319t xxu||||| |||| 00| 0 eng d
020
_a
0470129301
100
_a
Donald Voet
_9
777
245
_a
Fundamentals of Biochemistry
_b
life at the molecular level
250
_a
2nd Edition
300
_a
1130
942
_2
ddc
_c
BK
999
_c
17031
_d
17031